Ends in 'IO' Quiz Stats

 Plays Quiz Updated Nov 13, 2018

Also try: Ends in 'GUE'
Challenge
Share
Tweet
Embed
Score 0/30 Timer 07:00
1 Play Today
Clue Word % Correct
Outdoor lounging areaPatio
97.5%
Cincinnati's stateOhio
96.1%
He battles goombas with his brother LuigiMario
94.9%
Jonas Salk developed an effective vaccine against this diseasePolio
91.2%
Leonardo of 'Inception', 'Titanic' and 'The Departed'DiCaprio
85.1%
Great Lake that shares a name with a Canadian provinceOntario
84.6%
8:5Ratio
83.9%
He grows donkey ears and is swallowed by Monstro but he just wants to be a real boyPinocchio
82.6%
Bedroomless apartmentStudio
82.2%
ThreesomeTrio
79%
Iran, the United States and Turkey lead the world in production of this nutPistachio
75.3%
Collection of investmentsPortfolio
75.1%
Take a 'Fantastic Voyage' to 'Gangsta's Paradise' with this rapperCoolio
63%
Bit of cereal or a British send-offCheerio
62.4%
Muscular longhair whose image adorned many romance novels.Fabio
57.6%
Clue Word % Correct
Enrique Iglesias' padreJulio
56.6%
Texas city noted for its River WalkSan Antonio
54.2%
A ham may operate this deviceRadio
50.7%
Alger, Hornblower or CaineHoratio
50.2%
Latin American neighborhood (or slum)Barrio
46.3%
Vegas casino inspired by a town on Italy's Lake ComoBellagio
44.5%
Dirty Harry adversary, named for an astrological signScorpio
44.3%
Strange or interesting objectCurio
44.1%
He says ' A plague on both your houses!' in Romeo and JulietMercutio
39.6%
The Yankee ClipperDiMaggio
39%
Greek Muse, also an advertising awardClio
33.2%
One outcome of a planned strategyScenario
30%
Number one hit for Phil Collins in 1985Sussudio
23.1%
Italian chicory, typically served in salads or roastedRadicchio
19.7%
1988 Sean Connery film is also a Mexican fortressThe Presidio
13.3%

You're not logged in!

Compare scores with friends on all Sporcle quizzes.
OR
Log In

You Might Also Like...

Show Comments

Extras

Top Quizzes Today


Score Distribution

Your Account Isn't Verified!

In order to create a playlist on Sporcle, you need to verify the email address you used during registration. Go to your Sporcle Settings to finish the process.

Report this User

Report this user for behavior that violates our Community Guidelines.

Details: